000 00622nam a2200181Ia 4500
008 090124s9999 xx 000 0 und d
082 _b24847
_a2647
100 _aपोतदार कृष्णा
245 _a दरवेशी आणि इतर एकांकिका
250 _a1
260 _c1985
300 _a75
600 _aपोतदार कृष्णा
630 _a दरवेशी आणि इतर एकांकिका
700 _aपोतदार कृष्णा
730 _a दरवेशी आणि इतर एकांकिका
942 _cBOOK
999 _c138385
_d138385